Spell the Marvel Character #79 - Statistics

General Stats
  • This quiz has been taken 25 times
  • The average score is 6 of 7
Answer Stats
Picture Answer % Correct
Angel
100%
Colossus
100%
Elektra
100%
Invisible Woman
100%
Hit-Monkey
73%
Haechi
67%
Hummingbird
27%
No matching quizzes found
Score Distribution
Percent of People with Each Score
Percentile by Number Answered
Your Score History
You have not taken this quiz